Statistiques concernant Nommez un Mot de Sept Lettres Valide A-Z

Cliquez ici pour prendre le quiz!

Statistiques générales

  • Ce quiz a été pris 7 903 fois
  • Le résultat moyen est 14 sur 26

Statistiques - réponses

# PossibleExemples% Correct
C3379chanson, commune, couvrir...
91%
B2234ballade, bouchon, binaire...
89%
A2453acheter, anglais, article...
86%
D2140demande, devenir, domaine...
83%
F1534famille, février, fromage...
80%
G1427galaxie, général, grandir...
77%
E2676ensuite, épisode, exemple...
76%
M1777manière, moyenne, musique...
71%
J429janvier, journal, juillet...
65%
L1155laisser, légende, logique...
65%
P2529parfois, pouvoir, premier...
65%
H637habiter, heureux, horreur...
59%
R2492rapport, réduire, rivière...
56%
I633ignorer, imprévu, iridium...
55%
S2131seconde, souvent, système...
55%
N559naturel, nouveau, nuancer...
54%
O655obtenir, octobre, origine...
54%
T1784tempête, toucher, travail...
54%
V867version, vitesse, vouloir...
45%
Q99qualité, quelque, quitter...
33%
U157ukulélé, unifier, urgence...
27%
Z197zébrées, zinguer, zombies...
20%
K164karaoké, ketchup, kremlin...
19%
W49wallons, weekend, whiskey...
13%
Y63yaourts, yiddish, yttrium...
12%
X10xanthie, xénisme, xérique...
3%

Distribution des résultats

Percentile par nombre de réponses

% des personnes avec chaque résultat

Votre développement - résultats

Vous n’avez pas pris ce quiz